The state of Ghanaian economy (Record no. 945)

MARC details
000 -LEADER
fixed length control field 00512nam a2200157 4500
020 ## - INTERNATIONAL STANDARD BOOK NUMBER
ISBN 9964750684
050 ## - CALL NUMBER
Classification number HC1060.A1
100 ## - AUTHOR
Personal name ISSER
110 ## - AUTHOR
CORPORATE AUTHOR Insitute of Statistical, Social and Economic Research
245 ## - TITLE
Title The state of Ghanaian economy
Statement of responsibility, etc Insitute of Statistical, Social and Economic Research
260 ## - PUBLICATION INFORMATION
Place of publication Accra :
Name of publisher ISSER,
Year of publication 2008.
300 ## - DESCRIPTION
Number of Pages 236 pp :
Other physical details illustrations.
500 ## - NOTES
General note includes bibliographic reference
650 ## - SUBJECTS
Topical Term Ghana--Economic conditions--2007---Periodicals.
942 ## - ADDED ENTRY ELEMENTS (KOHA)
Koha item type Books
Holdings
Withdrawn status Lost status Home library Current library Date acquired Full call number Accession Number Koha item type
    Methodist University Library Wenchi Faculty Methodist University Library Wenchi Faculty 17/11/2017 HC1060.A1 23768 Books
Copyright © 2026  MUG Library